Vista normal Vista MARC

Entrada Topical Term

Número de registros utilizados en: 1

001 - CONTROL NUMBER

  • control field: 42476

003 - CONTROL NUMBER IDENTIFIER

  • control field: OSt

005 - DATE AND TIME OF LATEST TRANSACTION

  • control field: 20221206162611.0

008 - FIXED-LENGTH DATA ELEMENTS

  • fixed length control field: 221206|| aca||aabn | a|a d

040 ## - CATALOGING SOURCE

  • Original cataloging agency: OSt
  • Transcribing agency: OSt

150 ## - HEADING--TOPICAL TERM

  • Topical term or geographic name entry element: Sistema financiero
  • General subdivision: Historia
  • Geographic subdivision: Colombia
  • Chronological subdivision: Siglos XIX-XXI

670 ## - SOURCE DATA FOUND

  • Source citation: Work cat.: (OSt)29786: Ocampo Gaviria, José Antonio, 1952-, autor 42475, Una historia del sistema financiero colombiano, 1870-2021 / , 2021